The Merton Rule (Record no. 110506)

MARC details
000 -LEADER
fixed length control field 01173cad a22002415a 4500
001 - CONTROL NUMBER
control field E149453
008 - FIXED-LENGTH DATA ELEMENTS--GENERAL INFORMATION
fixed length control field 100308s2009 xxko f 000 0 eng d
020 ## - INTERNATIONAL STANDARD BOOK NUMBER
International Standard Book Number 9781848060579
035 ## - SYSTEM CONTROL NUMBER
System control number (Sirsi) u149453
041 0# - LANGUAGE CODE
Language code of text/sound track or separate title eng
100 1# - MAIN ENTRY--PERSONAL NAME
Personal name Yuzbasioglu, Gina
245 04 - TITLE STATEMENT
Title The Merton Rule
Remainder of title a review of the practical, environmental and economic effects
Medium [electronic resource]
260 ## - PUBLICATION, DISTRIBUTION, ETC.
Place of publication, distribution, etc. Amersham
Name of publisher, distributor, etc. NHBC Foundation
Date of publication, distribution, etc. 2009
490 #0 - SERIES STATEMENT
Series statement NF
Volume/sequential designation 11
520 ## - SUMMARY, ETC.
Summary, etc. The Merton Rule is the name of a policy first used by Merton Borough Council, which requires certain new-build developments to provide 10% of their energy from renewable sources. This report looks at the various views on this policy and discusses which options produce the greatest long-term reduction in emissions.
521 2# - TARGET AUDIENCE NOTE
Target audience note Advanced
651 #4 - SUBJECT ADDED ENTRY--GEOGRAPHIC NAME
Geographic name United Kingdom
Chronological subdivision
690 ## - LOCAL SUBJECT ADDED ENTRY--TOPICAL TERM (OCLC, RLIN)
Topical term or geographic name as entry element ENVIRONMENTAL AND LAND CONSULTANCY-ENERGY-RENEWABLE ENERGY
700 2# - ADDED ENTRY--PERSONAL NAME
Personal name Mason, John C.
700 1# - ADDED ENTRY--PERSONAL NAME
Personal name Hewitt, Adrian
856 40 - ELECTRONIC LOCATION AND ACCESS
Uniform Resource Identifier <a href="https://www.nhbcfoundation.org/LinkClick.aspx?fileticket=3%2bo9YZjUwk8%3d&tabid=339&mid=774&language=en-GB">https://www.nhbcfoundation.org/LinkClick.aspx?fileticket=3%2bo9YZjUwk8%3d&tabid=339&mid=774&language=en-GB</a>
Public note View the report free of charge (PDF file) at www.nhbcfoundation.org
942 ## - ADDED ENTRY ELEMENTS (KOHA)
Suppress in OPAC 0
Holdings
Withdrawn status Lost status Source of classification or shelving scheme Damaged status Not for loan Home library Current library Shelving location Date acquired Total Checkouts Full call number Barcode Date last seen Copy number Price effective from Koha item type
    Dewey Decimal Classification     Virtual Virtual Online 08/03/2010   ONLINE PUBLICATION 149453-2001 06/08/2019 1 06/08/2019 Book